Les rapports francais de Gyula Illyés

Elmentve itt :
Bibliográfiai részletek
Szerző: Dombi Katalin
További közreműködők: Bácskai Mihály (Témavezető)
Dokumentumtípus: Szakdolgozat
Megjelent: 2004
Tárgyszavak:
Online Access:http://diploma.bibl.u-szeged.hu/75846
LEADER 00532nta a2200157 i 4500
001 dipl75846
005 20190509134141.0
008 190509s2004 hu om 0|| fre d
040 |a SZTE Diploma Repozitórium  |b hun 
041 |a fre 
100 1 |a Dombi Katalin 
245 1 4 |a Les rapports francais de Gyula Illyés  |h [elektronikus dokumentum] /  |c Katalin Dombi 
260 |c 2004 
650 4 |a Pedagógusképzés 
700 1 |a Bácskai Mihály  |e ths 
856 4 0 |u http://diploma.bibl.u-szeged.hu/id/eprint/75846/1/2004_dombi_katalin.pdf  |z Dokumentum-elérés